Statistics for Manchester City 2022-2023 squad

Click here to take the quiz!

General Stats

  • This quiz has been taken 227 times
  • The average score is 18 of 23

Answer Stats

HintAnswerJersey% Correct
GKEderson31
97%
FWErling Haaland9
94%
MFPhil Foden47
93%
MFKevin De Bruyne17
92%
DFKyle Walker2
91%
DFJohn Stones5
89%
DFRuben Dias3
89%
MFJack Grealish10
87%
CoachPep Guardiolanone
86%
DF
Nathan Aké
6
85%
MFRodri16
82%
MFIlkay Gundogan8
79%
MFBernardo Silva20
77%
FWJulian Alvarez19
76%
DFManual Akanji25
75%
DFAymeric Laporte14
73%
GKStefan Ortega18
73%
GKScott Carson33
69%
MFCole Palmer80
66%
MFKalvin Phillips4
65%
DFRico Lewis82
63%
MFSergio Gomez21
42%
FWRiyad Marhez26
37%

Score Distribution

Percentile by Number Answered

Percent of People with Each Score

Your Score History

You have not taken this quiz